000 004750000a22001810004500
003 MACL
005 20150725165112.0
008 150725b xxu||||| |||| 00| 0 eng d
040 _aMACL
_cMACL
041 _aEnglish
082 _a330/CHA
100 _aChattopadhyaya, Brajadulal
_92393
245 _aEssay In Ancient Indian Economic History
260 _bMunshiram Manoharlal Publishers
_c1987
_aDelhi
350 _a160
650 _aEconomics
_92423
942 _cBK
_k330
_2ddc
999 _c3409
_d3409